[Event "ch-CZE b18+20"]
[Site "Lahucovice CZE"]
[Date "2003.02.19"]
[Round "1"]
[White "Lahner,J"]
[Black "Rubal,A"]
[Result "1/2-1/2"]
[WhiteElo "2241"]
[BlackElo "2132"]

1.d4 d5 2.c4 e6 3.Nf3 Nf6 4.g3 Be7 5.Bg2 O-O 6.O-O b6 7.Ne5 Bb7 8.Qa4 Qc8
9.Nc3 dxc4 10.e4 c6 11.Rd1 b5 12.Qc2 a6 13.a4 Nbd7 14.Nf3 c5 15.d5 b4 16.dxe6 fxe6
17.Bh3 bxc3 18.Bxe6+ Kh8 19.Ne5 Bxe4 20.Qxc3 Nxe5 21.Bxc8 Nf3+ 22.Kf1 Nxh2+
23.Kg1 Nf3+ 24.Kf1 Nh2+ 25.Kg1 Nf3+ 26.Kf1 Nh2+  1/2-1/2

[Event "ch-CZE b18+20"]
[Site "Lahucovice CZE"]
[Date "2003.02.21"]
[Round "3"]
[White "Jirka,J"]
[Black "Adamek,J"]
[Result "1/2-1/2"]
[WhiteElo "2370"]
[BlackElo "2229"]

1.d4 Nf6 2.c4 e6 3.g3 d5 4.Bg2 Be7 5.Nf3 O-O 6.O-O Nbd7 7.Qc2 c6 8.b3 b6
9.Rd1 Bb7 10.Nc3 Rc8 11.e4 dxe4 12.Ng5 Qc7 13.Bf4 Bd6 14.Bxd6 Qxd6 15.Ngxe4 Qe7
16.Rd2 Rfd8 17.Rad1 Nxe4 18.Nxe4 Nf6 19.c5 Nxe4 20.Bxe4 g6 21.Qc3 Rd7 22.b4 b5
23.Qf3 Kg7 24.h4 Qf6 25.Qe3 h5 26.Bg2 Kg8 27.a4 bxa4 28.Qe2 Rcd8 29.Qc4 a6
30.Qc3 Kg7 31.Rd3 Kg8 32.R3d2 Qg7 33.f4 Qf6 34.Bf3 Ra8 35.Qa1 Qd8 36.Qxa4 Qc7
37.Qa5 Qc8 38.Kf2 Rd8 39.Qb6 Rb8 40.Be2 Ba8 41.Qa5 Rb5 42.Bxb5 cxb5 43.Qb6 Qd7
44.Qd6 Qc8 45.Qe7 Rd7 46.Qf6 Rd5 47.Qe7 Rd7 48.Qg5 Rd5 49.Qh6 Qc6 50.Ke1 Re5+
51.fxe5 Qh1+ 52.Ke2 Qf3+ 53.Ke1 Qh1+  1/2-1/2

[Event "4th ch-Asia"]
[Site "Doha QAT"]
[Date "2003.02.23"]
[Round "2"]
[White "Kotsur,P"]
[Black "Bakre,T"]
[Result "1-0"]
[WhiteElo "2586"]
[BlackElo "2464"]

1.d4 Nf6 2.c4 e6 3.g3 d5 4.Bg2 Be7 5.Nf3 O-O 6.O-O dxc4 7.Ne5 Nc6 8.Bxc6 bxc6
9.Nxc6 Qe8 10.Nxe7+ Qxe7 11.Qa4 e5 12.dxe5 Qxe5 13.Qxc4 Be6 14.Qd3 Bh3 15.Rd1 Qh5
16.f3 Bf5 17.Qc4 Be6 18.Qd4 c5 19.Qf2 Rfd8 20.Rxd8+ Rxd8 21.Nc3 Rb8 22.e4 Nd7
23.Bf4 Rb7 24.Rd1 f5 25.Qe2 Qf7 26.exf5 Bxf5 27.b3 Nf8 28.Ne4 Bxe4 29.Qxe4 Rd7
30.Rxd7 Qxd7 31.Qc4+ Ne6 32.Be3 Qd6 33.Kg2 Kf8 34.Qe4 Nd4 35.Qa8+ Kf7 36.Qxa7+ Kg6
37.Qb7 Nf5 38.Qe4 Kf6 39.Bf2  1-0

[Event "ch-CZE w"]
[Site "Lahucovice CZE"]
[Date "2003.02.23"]
[Round "4"]
[White "Korenova,M"]
[Black "Jinova,L"]
[Result "1-0"]
[WhiteElo "2216"]
[BlackElo "2186"]

1.d4 d5 2.g3 Nf6 3.Bg2 e6 4.c4 Be7 5.Nf3 O-O 6.O-O b6 7.b3 Bb7 8.Bb2 c5 9.cxd5 exd5
10.Nc3 Nc6 11.Rc1 Qd7 12.Ne5 Qe6 13.Nxc6 Bxc6 14.e3 Rac8 15.Ne2 Rfd8 16.Nf4 Qd6
17.Qe2 Ne4 18.Rfd1 cxd4 19.Bxd4 Qh6 20.Bh3 Rc7 21.Be5 Bd6 22.Bxd6 Rxd6 23.Rxd5 Rxd5
24.Nxd5 Qxh3 25.Rxc6 Rxc6 26.Ne7+ Kf8 27.Nxc6 Qd7 28.Nd4 Nc3 29.Qc2 Qc7 30.Qxh7 Nxa2
31.Qh8+ Ke7 32.Qxg7  1-0

[Event "Open"]
[Site "Cappelle la Grande FRA"]
[Date "2003.02.24"]
[Round "3"]
[White "Iskusnyh,S"]
[Black "Polard,G"]
[Result "1-0"]
[WhiteElo "2496"]
[BlackElo "2184"]

1.d4 d5 2.c4 e6 3.Nf3 Nf6 4.g3 Be7 5.Bg2 O-O 6.O-O c6 7.Qc2 b6 8.Nbd2 Bb7
9.e4 dxe4 10.Nxe4 Nxe4 11.Qxe4 Nd7 12.Rd1 Nf6 13.Qc2 Qc8 14.c5 bxc5 15.dxc5 Nd5
16.Bg5 Qd8 17.Bxe7 Qxe7 18.Rd4 Rab8 19.Re1 Rfd8 20.a3 Ba8 21.Ne5 a5 22.Be4 h6
23.Bh7+ Kh8 24.Bg6  1-0

[Event "Open"]
[Site "Cappelle la Grande FRA"]
[Date "2003.02.25"]
[Round "5"]
[White "Burmakin,V"]
[Black "Shneider,A"]
[Result "1/2-1/2"]
[WhiteElo "2575"]
[BlackElo "2511"]

1.d4 Nf6 2.c4 e6 3.g3 d5 4.Nf3 Be7 5.Bg2 O-O 6.O-O dxc4 7.Qc2 a6 8.a4 Bd7
9.Bg5 Bc6 10.Bxf6 Bxf6 11.Rd1 Bxf3 12.Bxf3 Nc6 13.Bxc6 bxc6 14.Na3 c5 15.dxc5 Qe7
16.Nxc4 Qxc5 17.Rac1 Rfd8 18.b3 g6 19.Nd2 Qxc2 20.Rxc2 Be7 21.Rb1 Bd6 22.Nc4 a5
23.e3 Kf8 24.Kf1 Ke7 25.Ke2 f6 26.Nd2 Ra7 27.f4 Rb8 28.Nc4 Rd8 29.Rd1 Bb4
30.Rdc1 Rb7 31.g4 Rd5 32.h4 h6 33.g5 hxg5 34.hxg5 fxg5 35.Ne5 gxf4 36.Nxg6+ Kd7
37.Nxf4 Re5 38.Rh1 Bd6 39.Rc3 Re4 40.Kf3 Re5 41.Rh7+ Kc8 42.Rh6 Kd7 43.Rh7+ Kc8
44.Ne2 Bc5 45.Rh8+ Kd7 46.Rd3+ Kc6 47.Rc3 Kd7 48.Rh7+ Kc8 49.Rh8+ Kd7 50.Rd3+ Kc6
51.Re8 Rb4 52.Ng3 Rb7 53.Ne2 Bb4  1/2-1/2

[Event "Open"]
[Site "Cappelle la Grande FRA"]
[Date "2003.02.26"]
[Round "6"]
[White "Jaracz,P"]
[Black "Klovans,J"]
[Result "1/2-1/2"]
[WhiteElo "2546"]
[BlackElo "2417"]

1.Nf3 d5 2.d4 Nf6 3.c4 e6 4.g3 Be7 5.Bg2 O-O 6.O-O dxc4 7.Qc2 a6 8.Qxc4 b5
9.Qc2 Bb7 10.Bd2 Be4 11.Qc1 Bb7 12.Bf4 Nd5 13.Nc3 Nxf4 14.Qxf4 Nd7 15.Rfd1 Bd6
16.Qe3 Qe7 17.Ne5 Bxg2 18.Nxd7 Qxd7 19.Kxg2 f5 20.Rac1 Rae8 21.f4 Qe7 22.Nb1 g5
23.Nd2 gxf4 24.gxf4 Qg7+ 25.Kh1 Qh6 26.Qg3+  1/2-1/2

[Event "Open"]
[Site "Cappelle la Grande FRA"]
[Date "2003.02.27"]
[Round "7"]
[White "Fominyh,A"]
[Black "Heberla,B"]
[Result "1/2-1/2"]
[WhiteElo "2551"]
[BlackElo "2389"]

1.d4 e6 2.Nf3 d5 3.c4 Nf6 4.g3 Be7 5.Bg2 O-O 6.O-O dxc4 7.Qc2 a6 8.a4 Bd7
9.Qxc4 Bc6 10.Bg5 a5 11.Nc3 Na6 12.Bxf6 Bxf6 13.e4 Nb4 14.Rfd1 b6 15.Ne1 Be7
16.d5 Bd7 17.Nf3 exd5 18.exd5 Bd6 19.Nd4 Re8 20.Ne4 Qe7 21.b3 Na6 22.Nc6 Qf8
23.Nc3 Nc5 24.Nb5 g6 25.Rac1 h5 26.h3 Kh7 27.Qc3 f5 28.Rb1 Qf6 29.Nxd6 Qxd6
30.h4 Qf8 31.f4 Bxc6 32.dxc6 Qf6 33.Qd4 Qxd4+ 34.Rxd4 Kg7 35.Rbd1 Kf6 36.Bd5 Red8
37.Bc4 Rxd4 38.Rxd4 Re8 39.Kg2 Ne6 40.Rd5 Rd8 41.Kf2 Rxd5 42.Bxd5 Ke7 43.Ke3 Kd6
44.Bc4 Ke7  1/2-1/2

[Event "ch-CZE b18+20"]
[Site "Lahucovice CZE"]
[Date "2003.02.27"]
[Round "9"]
[White "Jirka,J"]
[Black "Laznicka,V"]
[Result "1-0"]
[WhiteElo "2370"]
[BlackElo "2348"]

1.d4 Nf6 2.c4 e6 3.g3 d5 4.Bg2 Be7 5.Nf3 O-O 6.O-O Nbd7 7.Qc2 c6 8.b3 b6
9.Rd1 Bb7 10.Nc3 Rc8 11.e4 dxe4 12.Ng5 c5 13.dxc5 bxc5 14.Ncxe4 Nxe4 15.Bxe4 Bxg5
16.Bxg5 Qxg5 17.Rxd7 Qe5 18.Bxb7 Qxa1+ 19.Rd1 Qe5 20.Bxc8 Rxc8 21.Rd7 a6
22.Qd1 g6 23.Ra7 Qb8 24.Rxa6 Rd8 25.Qf3 Kg7 26.h4 h5 27.Kh2 Rd4 28.Ra8 Qc7
29.Kg2 Qd7 30.Rb8 e5 31.Rb6 Qe7 32.a4 e4 33.Qf4 Rd3 34.Qg5 Qe8 35.Qf6+ Kg8
36.Qc6 Qxc6 37.Rxc6 Rxb3 38.Rxc5 Rb2 39.Re5 f5 40.Kf1 Kf7 41.a5 Ra2 42.Rb5 Ke6
43.Rb6+ Ke5 44.a6 Ra1+ 45.Kg2 Ra2 46.Kf1 Ra1+ 47.Ke2 Ra2+ 48.Ke1 Ra1+ 49.Kd2 Ra2+
50.Kc3 f4 51.Rb5+ Kf6 52.gxf4 Rxa6 53.Kd4 Ra2 54.Ke3 Rc2 55.Rc5 Ra2 56.Rc6+ Kf5
57.Rc5+ Kg4 58.Rg5+ Kxh4 59.c5 Ra6 60.Kxe4 Ra4+ 61.Ke5 Rc4 62.Kf6 Rxf4+ 63.Kxg6 Rxf2
64.Rxh5+ Kg4 65.Rg5+ Kh4 66.Rf5 Rc2 67.Kf6 Kg4 68.Ke6 Ra2 69.Rf1 Rc2 70.Kd6 Rd2+
71.Kc7 Kg5 72.c6 Kg6 73.Kc8 Kg5 74.c7 Kg6 75.Rb1  1-0

[Event "FSIMA March"]
[Site "Budapest HUN"]
[Date "2003.03.01"]
[Round "1"]
[White "Korpics,Z"]
[Black "Banusz,T"]
[Result "1-0"]
[WhiteElo "2332"]
[BlackElo "2255"]

1.c4 e6 2.Nf3 d5 3.d4 Nf6 4.g3 Be7 5.Bg2 O-O 6.O-O dxc4 7.Qc2 a6 8.Qxc4 b5
9.Qc2 Bb7 10.Bg5 Nbd7 11.Bxf6 Nxf6 12.Nbd2 Rc8 13.Nb3 Be4 14.Qc1 c5 15.dxc5 Qc7
16.Rd1 Bxc5 17.Nxc5 Qxc5 18.Qxc5 Rxc5 19.Rac1 Rxc1 20.Rxc1 Rd8 21.Ne5 Bxg2
22.Kxg2 Ne8 23.Kf3 f6 24.Nd3 Kf7 25.Rc6 Rd6 26.Rc8 e5 27.Ra8 Ke7 28.Ra7+ Kd8
29.Nc5 Rd2 30.Ne6+ Kc8 31.Ra8+ Kd7 32.Rd8+ Kxe6 33.Rxd2 Nd6 34.Rc2 Kd7 35.Rc5 Nb7
36.Rc1 Nd6 37.g4 Nb7 38.Ke4  1-0

[Event "Open"]
[Site "Cappelle la Grande FRA"]
[Date "2003.03.01"]
[Round "9"]
[White "Burmakin,V"]
[Black "Jakubowski,K"]
[Result "1-0"]
[WhiteElo "2575"]
[BlackElo "2473"]

1.d4 d5 2.c4 e6 3.Nf3 Nf6 4.g3 Be7 5.Bg2 O-O 6.O-O b6 7.Nc3 Bb7 8.cxd5 exd5
9.Bf4 Na6 10.Rc1 c5 11.Qa4 Nc7 12.dxc5 bxc5 13.Nh4 Ne6 14.Nf5 Re8 15.Rfd1 Nxf4
16.Qxf4 Bf8 17.Ne3 Qb8 18.Nexd5 Nxd5 19.Nxd5 Qxf4 20.Nxf4 Bxg2 21.Kxg2 g5
22.Nd3 Rxe2 23.Kf1 Rae8 24.Rc4 h5 25.Re1 Rxe1+ 26.Nxe1 Rd8 27.Ke2 Re8+ 28.Kd2 f5
29.h4 f4 30.hxg5 fxg3 31.fxg3 Bd6 32.Rc3 Be5 33.Rf3 Bxb2 34.Nd3 Bd4 35.Nf4 c4
36.Nxh5 Rd8 37.Kc2 a5 38.g6 Rb8 39.Rf4 Be5 40.Rxc4 Kf8 41.Rc5 Rb2+ 42.Kd3  1-0

[Event "FSGM March"]
[Site "Budapest HUN"]
[Date "2003.03.02"]
[Round "2"]
[White "Horvath,Cs"]
[Black "Horvath,P1"]
[Result "1/2-1/2"]
[WhiteElo "2506"]
[BlackElo "2458"]

1.c4 e6 2.g3 d5 3.Bg2 Nf6 4.Nf3 Be7 5.d4 O-O 6.Nbd2 c5 7.cxd5 exd5 8.dxc5 Bxc5
9.O-O Nc6 10.Nb3 Bb6 11.Nbd4 Re8 12.b3 Bg4 13.Bb2 Ne4 14.Rc1 Qd6 15.h3  1/2-1/2

[Event "X Anibal Open"]
[Site "Linares ESP"]
[Date "2003.03.02"]
[Round "3"]
[White "Guerra Bastida,D"]
[Black "Rizouk,A"]
[Result "1/2-1/2"]
[WhiteElo "2368"]
[BlackElo "2519"]

1.d4 Nf6 2.c4 e6 3.g3 d5 4.Nf3 Be7 5.Bg2 O-O 6.O-O dxc4 7.Ne5 c5 8.dxc5 Qc7
9.Nxc4 Qxc5 10.Qb3 Nc6 11.Be3 Qh5 12.h3 Nd5 13.Nc3 Nxe3 14.Nxe3 Bc5 15.g4 Qh6
16.Ne4 Nd4 17.Qd1 Bb6 18.Nc4 e5 19.e3 Nc6 20.Nxb6 axb6 21.Ng3 Be6  1/2-1/2

[Event "ch-Serbia"]
[Site "Dimitrovgrad YUG"]
[Date "2003.03.03"]
[Round "4"]
[White "Benkovic,P"]
[Black "Markovic,ZS"]
[Result "1-0"]
[WhiteElo "2469"]
[BlackElo "2408"]

1.d4 d5 2.c4 e6 3.Nf3 Nf6 4.g3 Be7 5.Bg2 O-O 6.Qc2 c5 7.cxd5 cxd4 8.Nxd4 Nxd5
9.O-O Nb4 10.Qc3 N8c6 11.Nxc6 Nxc6 12.Be3 Bf6 13.Qc1 Bd7 14.Nc3 Rc8 15.Ne4 Be7
16.Qd2 Qc7 17.Rfd1 Rfd8 18.Nd6 Bxd6 19.Qxd6 Qxd6 20.Rxd6 Be8 21.Rad1 Rxd6
22.Rxd6 b6 23.Be4 h6 24.f4 Kf8 25.g4 Ke7 26.Rd1 Nb4 27.Bd2 Rc4 28.Bb1 a5
29.a3 Nd5 30.e4 Ba4 31.Re1 Nf6 32.g5 hxg5 33.fxg5 Nd7 34.Bc3 g6 35.Bd3 Rc7
36.h4 Bb3 37.Kf2 Nc5 38.Bb1 Bc4 39.Bf6+ Ke8 40.Rc1 Bb3 41.Ke3 a4 42.Bd3 Kd7
43.Bb5+ Kd6 44.e5+ Kd5 45.Bd8 Rb7 46.Rc3 Bd1 47.Rc4 Nb3 48.Rc8 Kxe5 49.Bc6 Ra7
50.Bxb6 Ra6 51.Rb8 f5 52.Bc7+  1-0

[Event "11th Fajr Open"]
[Site "Tehran IRI"]
[Date "2003.03.03"]
[Round "6"]
[White "Akbarinia,S"]
[Black "Mahjoob,M"]
[Result "1-0"]
[WhiteElo "2256"]
[BlackElo "2406"]

1.Nf3 Nf6 2.c4 e6 3.g3 d5 4.d4 Be7 5.Bg2 O-O 6.Nbd2 c5 7.O-O b6 8.cxd5 exd5
9.Ne5 Bb7 10.b3 a5 11.Ndc4 Na6 12.Bb2 Re8 13.Rc1 Bf8 14.Ne3 Nc7 15.dxc5 bxc5
16.Nd3 Ne4 17.Bxe4 Rxe4 18.Nxc5 Bxc5 19.Rxc5 d4 20.Ng2 Ne6 21.Rc2 a4 22.Rd2 axb3
23.axb3 Qb6 24.b4 Rd8 25.e3 Ba6 26.Re1 d3 27.Bc3 Rc4 28.Ba1 Rxb4 29.Nf4 Ng5
30.Qg4 f6 31.h4 Nf7 32.Bd4 Rbxd4 33.exd4 Qxd4 34.Qe6 Qb4 35.Nd5 Qd6 36.Nc7 Qxe6
37.Rxe6 Bc4 38.Re3 Ne5 39.f4 Nc6 40.Re8+ Kf7 41.Rxd8 Nxd8 42.Na8 Ke6 43.Nb6 Bb5
44.Rb2 Ba6 45.Kf2 Kd6 46.Ke3 Nc6 47.Ra2 Bb5 48.Nc8+ Kc5 49.Na7 Nb4 50.Ra5 Nd5+
51.Kd2 Nc7 52.Nxb5 Nxb5 53.Kxd3 Kc6 54.Ra6+ Kd7 55.Ke4  1-0

[Event "Jch-RUS b20"]
[Site "Essentuki RUS"]
[Date "2003.03.06"]
[Round "5"]
[White "Evdokimov,Alexa"]
[Black "Rjabzev,K"]
[Result "1-0"]
[WhiteElo "2391"]
[BlackElo "2315"]

1.d4 d5 2.c4 e6 3.Nf3 Nf6 4.g3 Be7 5.Bg2 O-O 6.O-O dxc4 7.Ne5 Nc6 8.Nxc6 bxc6
9.Na3 Rb8 10.Nxc4 c5 11.Na5 Qe8 12.Nc6 Rb6 13.Nxe7+ Qxe7 14.dxc5 Rb8 15.Qc2 Nd5
16.a3 a5 17.Bd2 a4 18.e4 Nf6 19.Bb4 Ba6 20.Rfd1 Rfd8 21.Qxa4 Be2 22.Rxd8+ Qxd8
23.Bc3 h5 24.Re1 Bb5 25.Qd4 Qe8 26.Rd1 Ba4 27.Rd2 Bb3 28.f3 Qc6 29.Bf1 Ne8
30.Bb4 Nf6 31.Kg2 Qe8 32.Qe3 Ba4 33.Bc3 Nd7 34.b4 e5 35.Bc4 Qe7 36.h4 Bc6
37.Qg5  1-0

[Event "1st Festival"]
[Site "Nancy FRA"]
[Date "2003.03.07"]
[Round "7"]
[White "Paci,C"]
[Black "Zigura,O"]
[Result "1/2-1/2"]
[WhiteElo "2231"]
[BlackElo "2379"]

1.d4 d5 2.c4 e6 3.Nf3 Nf6 4.g3 Be7 5.Bg2 O-O 6.O-O dxc4 7.Qc2 a6 8.a4 b6
9.Ne5 Ra7 10.Qxc4 Bb7 11.Rd1 Bxg2 12.Kxg2 c5 13.Be3 Qd5+ 14.Kg1 Qxc4 15.Nxc4 Nd5
16.Nc3 Nxe3 17.Nxe3 cxd4 18.Rxd4 Nc6 19.Rd2 Ne5 20.Ne4 Rc7 21.Rad1 f5 22.Nd6 f4
23.Ng2 g5 24.f3 Rc6 25.b4 fxg3 26.hxg3 Nc4 27.Nxc4 Rxc4 28.Rd7 Rf7 29.Ne3 Rxb4
30.Ng4 Kf8 31.Kg2 Rf5 32.Ra7 Rd5 33.Rxd5 exd5 34.Rxa6 Rb2 35.Kf1 Rb1+ 36.Kg2 Rb2
37.Kf1  1/2-1/2

[Event "FSGM March"]
[Site "Budapest HUN"]
[Date "2003.03.08"]
[Round "8"]
[White "Flumbort,A"]
[Black "Balogh,C"]
[Result "1/2-1/2"]
[WhiteElo "2443"]
[BlackElo "2448"]

1.Nf3 Nf6 2.c4 e6 3.g3 d5 4.d4 Be7 5.Bg2 O-O 6.O-O dxc4 7.Qc2 a6 8.Qxc4 b5
9.Qc2 Bb7 10.Bg5 Nbd7 11.Bxf6 Nxf6 12.Nbd2 Rc8 13.Nb3 Be4 14.Qc1 c5 15.dxc5 a5
16.a4 Qd5 17.Nxa5 Rxc5 18.Qd1 Qxd1 19.Rfxd1 bxa4 20.b4 axb3  1/2-1/2

[Event "ch-Serbia"]
[Site "Dimitrovgrad YUG"]
[Date "2003.03.08"]
[Round "9"]
[White "Antic,D"]
[Black "Benkovic,P"]
[Result "1/2-1/2"]
[WhiteElo "2448"]
[BlackElo "2469"]

1.d4 Nf6 2.c4 e6 3.g3 d5 4.Nf3 Be7 5.Bg2 O-O 6.O-O c6 7.Qc2 Nbd7 8.Rd1 b6
9.b3 a5 10.Nc3 Ba6 11.Bb2 Rc8 12.e4 dxc4 13.Qe2 b5 14.bxc4 bxc4 15.Qc2 Qc7
16.h3 Rfd8 17.Ne2 Nf8 18.Ne5 Rb8 19.Bc3 Bb4 20.Bxb4 axb4 21.Nxc4 c5 22.d5 exd5
23.exd5 Bxc4 24.Qxc4 Ne8 25.Rac1 Rdc8 26.Qc2 Qd7 27.Nf4 Ng6 28.Nxg6 hxg6
29.d6 Rb6 30.Rd5 c4 31.Rcd1 Rxd6 32.Rxd6 Nxd6 33.Qb2 c3 34.Qxb4 c2 35.Rc1 Nc4
36.Bf3 Qd3 37.Kg2 Nd2 38.Qb7 Rc3 39.Bd5 Qf5 40.a4 Nc4 41.Qa8+ Kh7 42.Be4 Qc5
43.Rxc2 Rxc2 44.Bxc2 Nd2 45.Bd3 Qd4 46.Qa6 Qd5+ 47.Kg1 Nf3+  1/2-1/2

[Event "1st Festival"]
[Site "Nancy FRA"]
[Date "2003.03.08"]
[Round "8"]
[White "Barpiyeva,G"]
[Black "Paci,C"]
[Result "0-1"]
[WhiteElo "2205"]
[BlackElo "2231"]

1.c4 e6 2.d4 Nf6 3.g3 Be7 4.Bg2 d5 5.Nf3 O-O 6.Qc2 dxc4 7.Qxc4 a6 8.O-O b5
9.Qc2 Bb7 10.Bf4 Nc6 11.Rd1 Nb4 12.Qc1 Nbd5 13.Be5 Rc8 14.Nc3 c5 15.Nxd5 Bxd5
16.Qf4 Ne4 17.dxc5 f6 18.Bd6 Nxd6 19.cxd6 Bxd6 20.Qd2 Bc5 21.b4 Be7 22.Bh3 Qb6
23.Nd4 Rfd8 24.Qb2 f5 25.a3 Bf6 26.Rd2 Bg2  0-1

[Event "Tch-SWE 2002-3"]
[Site "Sweden SWE"]
[Date "2003.03.14"]
[Round "9"]
[White "Akesson,R"]
[Black "Lukez,F"]
[Result "1-0"]
[WhiteElo "2440"]
[BlackElo "2320"]

1.Nf3 Nf6 2.c4 e6 3.g3 d5 4.Bg2 Be7 5.d4 O-O 6.O-O dxc4 7.Qc2 a6 8.a4 Bd7
9.Qxc4 Bc6 10.Bg5 Nbd7 11.Nc3 h6 12.Bf4 Nb6 13.Qb3 Nbd5 14.Bd2 a5 15.Rfe1 Ra6
16.Ne5 Nxc3 17.bxc3 Bxg2 18.Kxg2 Rb6 19.Qc4 Bd6 20.Nf3 Ne4 21.Qd3 Nxd2 22.Nxd2 Qe7
23.Nc4 Ra6 24.Reb1 c6 25.Nxd6 Qxd6 26.Rxb7 c5 27.dxc5 Qc6+ 28.Qf3 Qxc5 29.Rd1 Ra7
30.Rxa7 Qxa7 31.Qc6 Qa8 32.Rd6 Rc8 33.Qxa8 Rxa8 34.Rc6 Rb8 35.Kf3 Kf8 36.Ke3 Rb3
37.Kd3 Ra3 38.Rc4 Ke7 39.h4 Kd6 40.h5 f5 41.e4 fxe4+ 42.Rxe4 Ra2 43.Ke3 Ke7
44.f3 Kf6 45.Rc4 Ke7 46.Rc7+ Kf6 47.Rc4 Ke7 48.Kd3 Rf2 49.Ke4 Re2+ 50.Kf4 Ra2
51.Ke5 Re2+ 52.Re4 Rf2 53.Rg4 Rxf3 54.Rxg7+ Kf8 55.Rc7 Rxg3 56.Kxe6 Rg5 57.c4 Rxh5
58.c5 Rh1 59.c6 Re1+ 60.Kd6 Rd1+ 61.Kc5 Ke8 62.Ra7 Kd8 63.Rxa5 h5 64.Kb6 Rb1+
65.Rb5 Ra1 66.Rxh5 Rb1+ 67.Rb5 Rc1 68.Rd5+ Ke7 69.c7 Rb1+  1-0

[Event "TCh-FIN 2002-3"]
[Site "Finland FIN"]
[Date "2003.03.16"]
[Round "9"]
[White "Koskinen,Hen"]
[Black "Westerinen,H"]
[Result "1/2-1/2"]
[WhiteElo "2336"]
[BlackElo "2362"]

1.d4 d5 2.Nf3 Nf6 3.c4 e6 4.g3 Be7 5.Bg2 O-O 6.O-O c6 7.Qc2 b6 8.b3 Bb7 9.Nc3 Nbd7
10.Rd1 Rc8 11.e4 Nxe4 12.Nxe4 dxe4 13.Qxe4 Qc7 14.Bf4 Bd6 15.Bxd6 Qxd6 16.c5 Qe7
17.b4 Rfd8 18.Bf1 Nf6 19.Qc2 Nd5 20.a3 Ra8 21.Bd3 h6 22.Ne5 a5 23.Bh7+ Kf8
24.Bg6 f6 25.Nf7 Rd7 26.Rab1 Kg8 27.Nd6 Rxd6 28.cxd6 Qxd6 29.Qb3 a4 30.Qc2 Ba6
31.Rbc1 Bb5 32.Bh7+ Kf7 33.Be4 Rd8 34.Rd2 Ne7 35.Qd1 Kf8 36.Bb1 Qd5 37.Ba2 Qe4
38.Bb1 Qd5 39.Ba2 Qe4 40.Qe1 Qxe1+ 41.Rxe1 e5 42.Red1 e4 43.d5 Bd3 44.dxc6 Nxc6
45.Bc4 Ne5 46.Bxd3 Nf3+ 47.Kg2 Nxd2 48.Bxe4 Rd6 49.Bg6 Nc4 50.Re1 Ne5 51.Be4 Rd2
52.Re3 g5 53.h3 Ra2 54.Rc3 Ke7 55.Kf1 b5 56.Bd5 Ra1+ 57.Kg2 Kd6 58.Bg8 h5
59.f4 gxf4 60.gxf4 Ng6 61.f5 Nh4+ 62.Kf2 Nxf5 63.Rc5 Ne7 64.Bf7 Rxa3 65.Rxb5 Rxh3
66.Rb6+ Kc7 67.Rxf6 a3 68.Ra6 Nc6 69.b5 Nb4 70.Ra4 a2 71.Kg2 Rc3 72.Bxa2 Rc2+
73.Kh3 Nxa2  1/2-1/2

[Event "TCh-AUT B"]
[Site "Mitte AUT"]
[Date "2003.03.22"]
[Round "10"]
[White "Wegerer,F"]
[Black "Seifert,V"]
[Result "0-1"]
[WhiteElo "2240"]
[BlackElo "2310"]

1.Nf3 Nf6 2.d4 e6 3.g3 d5 4.Bg2 Be7 5.c4 O-O 6.Nc3 dxc4 7.O-O Nc6 8.e4 Rb8
9.a4 b6 10.Bf4 Bb7 11.Re1 a6 12.h3 Na5 13.Qc2 Nc6 14.Qd2 Bb4 15.Rad1 Ne7
16.Ne5 Ng6 17.Nxc4 Nxf4 18.Qxf4 Qe7 19.Ne5 Rfd8 20.g4 Rbc8 21.g5 Nd7 22.Ng4 Nf8
23.h4 c5 24.d5 Ng6 25.Qg3 e5 26.Bh3 Kh8 27.Ne3 Rb8 28.Nf5 Qf8 29.Re3 Bxc3
30.bxc3 Nf4 31.Bg4 Bc8 32.c4 Bd7 33.Ra1 b5 34.axb5 axb5 35.cxb5 Rxb5 36.Ra7 Rb1+
37.Kh2 c4 38.Rc7 Bxf5 39.exf5 Nxd5 40.Rxc4 Nxe3 41.Qxe3 f6 42.Rc7 Qd6 43.Rf7 Qd5  0-1

[Event "Amber Rapid"]
[Site "Monte Carlo MNC"]
[Date "2003.03.23"]
[Round "8"]
[White "Ljubojevic,L"]
[Black "Almasi,Z"]
[Result "1/2-1/2"]
[WhiteElo "2570"]
[BlackElo "2676"]

1.d4 Nf6 2.c4 e6 3.g3 d5 4.Nf3 Be7 5.Bg2 O-O 6.O-O dxc4 7.Qc2 a6 8.a4 Bd7
9.Qxc4 Bc6 10.Bg5 Bd5 11.Qc2 Be4 12.Qd1 c5 13.dxc5 Bxc5 14.Nc3 Bc6 15.Qb1 h6
16.Rd1 Nbd7 17.Bxf6 Qxf6 18.Ne4 Qe7 19.Nd4 Bxd4 20.Rxd4 Rfd8 21.b4 Nb6 22.Rxd8+ Rxd8
23.Nc5 Bxg2 24.Kxg2 Nd5 25.e4 Nf6 26.a5 Rd4 27.Ra2 e5 28.Rc2 Nd7 29.Nxb7 Rxb4
30.Rb2 Rd4 31.Qc2 Kh7 32.Rb3 Qe6 33.Rc3 Nf6 34.Rc6 Qg4 35.Rd6 Nh5 36.Rxd4 exd4
37.Nc5 Nf4+ 38.Kg1 Nh3+ 39.Kg2 Nf4+ 40.Kf1 Qh3+ 41.Ke1 Ne6 42.Nxa6 Qxh2 43.Nc5 Qg1+
44.Ke2 d3+ 45.Kxd3 Qf1+ 46.Ke3 Qe1+ 47.Kd3 Qf1+ 48.Ke3 Qe1+  1/2-1/2

[Event "ch-VIE"]
[Site "Dong Thap VIE"]
[Date "2003.03.26"]
[Round "7"]
[White "Tu Hoang Thai"]
[Black "Nguyen Thai Binh"]
[Result "1/2-1/2"]
[WhiteElo "2404"]
[BlackElo "2308"]

1.d4 d5 2.Nf3 Nf6 3.c4 e6 4.g3 Be7 5.Bg2 O-O 6.O-O b6 7.b3 Bb7 8.Bb2 Nbd7
9.Nbd2 c5 10.cxd5 Bxd5 11.Rc1 Rc8 12.Nc4 Rc7 13.Qd2 Qa8 14.dxc5 Nxc5 15.Be5 Rd7
16.Qb2 Rfd8 17.Bd4 Be4 18.Rfd1 Na6 19.Nce5 Rd6 20.Nc4 R6d7 21.Nce5 Rd6 22.Nc4 R6d7  1/2-1/2

[Event "Spring Open"]
[Site "Belgrade YUG"]
[Date "2003.03.28"]
[Round "4"]
[White "Jovanovic,ST"]
[Black "Djalovic,V"]
[Result "1-0"]
[WhiteElo "2297"]
[BlackElo "2158"]

1.Nf3 d5 2.d4 Nf6 3.c4 e6 4.g3 Be7 5.Bg2 c6 6.Qc2 O-O 7.O-O h6 8.Nbd2 b6
9.e4 Bb7 10.Rd1 Nbd7 11.h3 Rc8 12.e5 Nh7 13.cxd5 cxd5 14.Qa4 a5 15.Nf1 Ba6
16.Bd2 Rc4 17.Qb3 b5 18.a4 b4 19.Ne3 Rc6 20.Rdc1 Qb6 21.Rxc6 Qxc6 22.Rc1 Qb6
23.Bf1 Bxf1 24.Kxf1 Ng5 25.Nxg5 Bxg5 26.Qd3 f5 27.f4 Be7 28.Ke2 Nb8 29.Qb5 Qxb5+
30.axb5 Bd8 31.Kd3 Bb6 32.b3 Kf7 33.Nd1 Nd7 34.Nb2 Rb8 35.Na4 Bd8 36.g4 g6
37.gxf5 gxf5 38.Rc6 Rxb5 39.Rc8 Rb8 40.Rc6 Nb6 41.Nc5 Be7 42.Rc7 Rg8 43.Be1 Ke8
44.Rc6 Rg1 45.Rxb6 Rxe1 46.Nxe6 Kd7 47.Ng7 Rd1+ 48.Kc2 Rxd4 49.Rb7+ Kc6 50.Rxe7 Rxf4
51.Ne6 Rh4 52.Rc7+ Kb6 53.Rd7 Rxh3 54.Rd6+ Kb7 55.Rxd5 Kb6 56.Nd4 f4 57.e6 Re3
58.Rf5 Re4 59.Kd3 Re3+ 60.Kc4 Rc3+ 61.Kd5 a4 62.e7  1-0

[Event "Classics IM"]
[Site "Gausdal NOR"]
[Date "2003.04.03"]
[Round "1"]
[White "Rodgaard,J"]
[Black "Saevareid,O"]
[Result "1/2-1/2"]
[WhiteElo "2349"]
[BlackElo "2136"]

1.c4 e6 2.Nf3 d5 3.d4 Nf6 4.g3 Be7 5.Bg2 O-O 6.Qc2 c5 7.dxc5 Qa5+ 8.Nbd2 Qxc5
9.O-O Nc6 10.a3 a5 11.b3 e5 12.e4 d4 13.Ne1 Be6 14.Nd3 Qb6 15.h3 Nd7 16.Kh2 f6
17.Nf3 Nc5 18.Nxc5 Qxc5 19.Ne1 Qb6 20.Nd3 Qa6 21.a4 Nb4 22.Nxb4 Bxb4 23.Qd3 Qd6
24.Ra2 Qd7 25.h4  1/2-1/2

[Event "FSGM April"]
[Site "Budapest HUN"]
[Date "2003.04.06"]
[Round "2"]
[White "Hoffmann,Mi"]
[Black "Blauert,J"]
[Result "1/2-1/2"]
[WhiteElo "2435"]
[BlackElo "2364"]

1.d4 d5 2.c4 e6 3.Nf3 Nf6 4.g3 Be7 5.Bg2 c5 6.O-O Nc6 7.cxd5 Nxd5 8.Nc3 O-O
9.Nxd5 exd5 10.dxc5 Bxc5 11.Bg5 Qb6 12.Rc1 d4 13.Qc2 Bd6 14.Nd2 Be6 15.Ne4 Be7
16.Bxe7 Nxe7 17.Qc5 Qxc5 18.Nxc5 Bxa2 19.Nxb7 Bd5 20.Bxd5 Nxd5 21.Rfd1 Rab8
22.Rxd4 Rxb7 23.Rxd5  1/2-1/2

[Event "Classics GM"]
[Site "Gausdal NOR"]
[Date "2003.04.08"]
[Round "8"]
[White "Daly,C"]
[Black "Kristjansson,S"]
[Result "1-0"]
[WhiteElo "2353"]
[BlackElo "2406"]

1.d4 e6 2.c4 Nf6 3.g3 d5 4.Bg2 Be7 5.Nf3 O-O 6.O-O dxc4 7.Qc2 a6 8.Qxc4 b5
9.Qc2 Bb7 10.Bg5 Nc6 11.Rd1 Nb4 12.Qc1 Rc8 13.Bxf6 gxf6 14.a3 Nd5 15.e4 Nb6
16.Nc3 Na4 17.d5 Nxc3 18.Qxc3 Bd6 19.Bh3 Qe7 20.dxe6 fxe6 21.Nd4 Kh8 22.Bxe6 Rcd8
23.Bd5 Bxd5 24.exd5 Be5 25.Qf3 Bxd4 26.Rxd4 Rd6 27.Rc1 Rfd8 28.Re4 Qf7 29.Re6 Rxe6
30.dxe6 Qxe6 31.Rxc7 Rd7 32.Rxd7 Qxd7 33.Qxf6+ Kg8 34.h4 a5 35.Kh2 Qd2 36.Qg5+  1-0

[Event "Seniorsko"]
[Site "Nisa YUG"]
[Date "2003.04.13"]
[Round "6"]
[White "Tosic,M"]
[Black "Milovanovic,S"]
[Result "0-1"]
[WhiteElo "2461"]
[BlackElo "2189"]

1.d4 Nf6 2.c4 e6 3.g3 d5 4.Nf3 Be7 5.Bg2 O-O 6.O-O dxc4 7.Na3 Bxa3 8.bxa3 b5
9.a4 a6 10.Rb1 c6 11.Qc2 Nbd7 12.Rd1 Nb6 13.Ne5 Nbd5 14.Ba3 Re8 15.e4 Nb6
16.a5 Na4 17.Nxc4 Qc7 18.Bb4 Rd8 19.Rbc1 Bb7 20.Nd6 h6 21.e5 Nd5 22.Bxd5 exd5
23.Nxb7 Qxb7 24.Qxc6 Qxc6 25.Rxc6 Nb2 26.Rdc1 Nd3 27.Rb1 Rac8 28.Rxc8 Rxc8
29.Bc5 Nxe5 30.dxe5 Rxc5 31.Rd1 Kf8 32.Rd4 Ke7 33.a4 Rc4 34.Rxd5 Rxa4 35.Rd6 Rxa5
36.Rb6 Kd7 37.Kf1 Kc7 38.e6 fxe6 39.Rxe6 b4 40.Ke2 b3 41.Kd2 Rc5 42.Re3 b2
43.Rb3 Rb5 44.Rxb5 axb5 45.Kc2 Kd6 46.Kxb2 Kd5 47.f4 Ke4 48.Kc3 Kf3  0-1

[Event "Seniorsko"]
[Site "Nisa YUG"]
[Date "2003.04.14"]
[Round "7"]
[White "Pavlovic,Drago"]
[Black "Maksimovic,B"]
[Result "0-1"]
[WhiteElo "2237"]
[BlackElo "2387"]

1.d4 Nf6 2.c4 e6 3.Nf3 d5 4.g3 Be7 5.Bg2 O-O 6.O-O Nbd7 7.Qc2 c6 8.Nbd2 b6
9.e4 Ba6 10.b3 Rc8 11.e5 Ne8 12.Re1 Nc7 13.Bb2 c5 14.a4 Nb8 15.dxc5 bxc5
16.Rad1 Qe8 17.cxd5 exd5 18.Nf1 Nc6 19.Ne3 Nb4 20.Qb1 c4 21.bxc4 dxc4 22.Nf5 Nd3
23.Nd6 Qxa4 24.Nxc8 Rxc8 25.Rxd3 cxd3 26.Rc1 Qd7 27.Nd2 Ne6 28.Rxc8+ Qxc8
29.Qc1 Qxc1+ 30.Bxc1 Nd4 31.Kf1 Bb4 32.Ke1 Bb5 33.Bd5 a5 34.Bb2 Ne6 35.Kd1 a4
36.Bc4 Nc7 37.Bxb5 Nxb5 38.Ne4 a3 39.Ba1 Nc7 40.Nc3 Na6 41.Nd5 Ba5 42.Ne7+ Kf8
43.Nc6 Bb6 44.Kd2 Nc5 45.Nd4 Ba5+ 46.Ke3 d2 47.Ke2 a2 48.f4 Nd3 49.Nc6 Nf2  0-1